000 00595nam a22001937a 4500
003 OSt
005 20160511150231.0
008 160511b xxu||||| |||| 00| 0 eng d
020 _a184407028X
040 _cDDC.
082 _a572.82TRA 2005.
100 _aEdited by Melendez-Ortiz,Ricaldo;Sanchez,Vicente;
_98719
245 _aTrading in Genes.
_bDevelopment Perspectives on Biotechnology,Trade and Sustainability.
260 _aUK.
_bEarthScan.
_c2005.
300 _axxv,294p;
_bill;
_c25cm.
504 _aincludes notes references and index.
650 _aBiology.
_95602
942 _2ddc
_cSLOAN
999 _c3989
_d3989